Properties of Green Concrete Containing PVC Microplastics and Biochar

Uložené v:
Podrobná bibliografia
Hlavný autor: Guľašová, Patrícia (Autor)
Ďalší autori: Zakhar, Ronald (Vedúci práce)
Médium: Rukopis Kniha
Jazyk:Slovak
English
Vydavateľské údaje: 2025
Predmet:
On-line prístup:http://is.stuba.sk/zp/portal_zp.pl?podrobnosti=183446
Tagy: Pridať tag
Žiadne tagy, Buďte prvý, kto otaguje tento záznam!

MARC

LEADER 00000ntm a22000003a 4500
001 stuzp104750
003 SK-STU
005 20250607210810.7
007 ta
008 150427s2015----xo-----f-mn---000-0-slo-d
040 |a STU  |b slo 
041 0 |a eng 
100 1 |a Guľašová, Patrícia  |u 046290  |4 aut  |U FCHPT Ústav chemického a environmentálneho inžinierstva  |T FCHPT Oddelenie environmentálneho inžinierstva  |X 104295  |U C6290  |Y 120  |7 104295 
242 0 1 |a Vlastnosti zeleného betónu s obsahom PVC mikroplastov a biocharu  |y slo 
245 1 0 |a Properties of Green Concrete Containing PVC Microplastics and Biochar 
260 |c 2025 
650 4 |a sustainability  |2 eng 
650 4 |a PVC  |2 eng 
650 4 |a green concrete  |2 eng 
650 4 |a ecotoxicity  |2 eng 
650 4 |a biochar  |2 eng 
650 4 |a ekotoxicita  |2 slo 
650 4 |a biochar  |2 slo 
650 4 |a udržateľnosť  |2 slo 
650 4 |a PVC  |2 slo 
650 4 |a zelený betón  |2 slo 
700 1 |a Zakhar, Ronald  |u 046290  |k Z1  |4 ths  |U FCHPT Ústav chemického a environmentálneho inžinierstva  |T FCHPT Oddelenie environmentálneho inžinierstva  |X 69351  |U C6290  |Y 120  |7 A0000069351 
856 4 |u http://is.stuba.sk/zp/portal_zp.pl?podrobnosti=183446